| 000 | 00482nam a2200181Ia 4500 | ||
|---|---|---|---|
| 999 |
_c2964 _d2964 |
||
| 020 | _a81-86562-78-8 | ||
| 082 | _a331.700954 AHM-; | ||
| 100 | _aAhmad, Fazal | ||
| 245 | 0 | _aLabour in informal sector | |
| 260 |
_aDelhi _bManak Publications _c1999 |
||
| 300 | _ax, 220p. | ||
| 504 | _aIncludes bibliography and index | ||
| 650 | _aLabor - India | ||
| 650 | _aInformal sector (Economics) | ||
| 650 | _aWorking class - India | ||
| 650 | _aLabor and laboring classes | ||
| 942 | _cBK | ||